000 00321nam a2200133Ia 4500
008 240624s9999 xx 000 0 und d
041 _aeng
082 _a301.01 TUR
100 _aTURNER BRYAN S
245 _aCLASSICAL SOCIOLOGY
260 _c1999
_aLondon
_bSage
300 _axi, : 291 : p. : cm. ; 23
365 _cBPS
_b25
999 _c4366
_d4366